UBT Library

Microsoft SharePoint 2010 web applications : (Record no. 626)

000 -LEADER
fixed length control field 00631nam a22002177a 4500
005 - DATE AND TIME OF LATEST TRANSACTION
control field 20150330102204.0
008 - FIXED-LENGTH DATA ELEMENTS--GENERAL INFORMATION
fixed length control field 100831s2011 nyua 001 0 eng
020 ## - INTERNATIONAL STANDARD BOOK NUMBER
International Standard Book Number 9780071744560
041 0# - LANGUAGE CODE
Language code of text/sound track or separate title eng
080 ## - UNIVERSAL DECIMAL CLASSIFICATION NUMBER
Universal Decimal Classification number 004
100 1# - Rafti
Rafti Holland, Charlie,
245 10 - TITLE STATEMENT
Title Microsoft SharePoint 2010 web applications :
Statement of responsibility, etc Charlie Holland.
260 ## -
-- New York :
-- McGraw-Hill,
-- 2011.
300 ## -
-- 537 f. :
-- me il.;
-- 23 cm.
505 ## -
-- Index: f. 527 - 537
630 00 -
-- Microsoft SharePoint (Electronic resource)
650 #0 -
-- Kompjuterat
650 #0 -
-- Interneti
650 #0 -
-- Programet
942 ## - ADDED ENTRY ELEMENTS (KOHA)
Source of classification or shelving scheme
Item type Books
Holdings
Withdrawn status Lost status Source of classification or shelving scheme Damaged status Not for loan Collection code Permanent location Current location Shelving location Date acquired Total Checkouts Full call number Barcode Date last seen Koha item type Price effective from
          Koleksioni i përgjithshem UBT - Lipjan UBT - Lipjan Koleksioni i përgjithshem 03/30/2015   004 HOL 002-015265 03/30/2015 Books  
          Koleksioni i përgjithshem UBT - Lipjan UBT - Lipjan Koleksioni i përgjithshem 02/16/2016   004 HOL 002-018664 02/16/2016 Books 02/16/2016
          Koleksioni i përgjithshem UBT - Lipjan UBT - Lipjan Koleksioni i përgjithshem 02/16/2016   004 HOL 002-018665 02/16/2016 Books 02/16/2016
          Koleksioni i përgjithshem UBT - Lipjan UBT - Lipjan Koleksioni i përgjithshem 02/16/2016   004 HOL 002-018666 02/16/2016 Books 02/16/2016
          Koleksioni i përgjithshem UBT - Lipjan UBT - Lipjan Koleksioni i përgjithshem 02/16/2016   004 HOL 002-018667 02/16/2016 Books 02/16/2016
          Koleksioni i përgjithshem UBT - Lipjan UBT - Lipjan Koleksioni i përgjithshem 02/16/2016   004 HOL 002-018668 02/16/2016 Books 02/16/2016
          Koleksioni i përgjithshem UBT - Lipjan UBT - Lipjan Koleksioni i përgjithshem 02/16/2016   004 HOL 002-018669 02/16/2016 Books 02/16/2016
          Koleksioni i përgjithshem UBT - Lipjan UBT - Lipjan Koleksioni i përgjithshem 02/16/2016   004 HOL 002-018670 02/16/2016 Books 02/16/2016
          Koleksioni i përgjithshem UBT - Lipjan UBT - Lipjan Koleksioni i përgjithshem 02/16/2016   004 HOL 002-018671 02/16/2016 Books 02/16/2016
          Koleksioni i përgjithshem UBT - Lipjan UBT - Lipjan Koleksioni i përgjithshem 02/16/2016   004 HOL 002-018672 02/16/2016 Books 02/16/2016
          Koleksioni i përgjithshem UBT - Lipjan UBT - Lipjan Koleksioni i përgjithshem 02/16/2016   004 HOL 002-018673 02/16/2016 Books 02/16/2016
UBT Library © 2015-2024. All rights reserved University Education for Business and Technology